000 00660nam a2200241Ia 4500
001 Z_5418
003 CHAP
008 220113s1992 xx 000 0 und d
010 _a168489
040 _cCHAP
090 _aFolleto 720
100 _aMuñante Pérez, Domingo Marcelo
_9142823
245 _aFormulación y evaluación de proyectos agropecuarios : financiamiento y orgnización /
_cDomingo Muñante Pérez
260 _aChapingo, Méx. ; UACH. Economía Agrícola
_c1992
300 _a40 h.
650 _aProyectos
_xInversión
_9142824
901 _aFOLLETO 720
902 _aM
910 _a1992
942 _c1
942 _cc1
999 _c168489
_d168489